000
00310nam a22001337a 4500
008
170726b xxu||||| |||| 00| 0 eng d
020
_a
9780132557467
041
_a
eng
080
_a
004
100
_a
30
101
_a
SHK
245
_a
PLANNING AND DESIGNING THE DATA WAREHOUSE
_c
BARQUIN,R
942
_2
udc
_c
BK
999
_c
21939
_d
21939